1678 1478 1762 1234 1297 1255 1006 1795 1705 1565 1166 1482 1070 1669 1831 1200 1214 1039 1820 1964 1908 1834 1280 1526 1769 1698 1210 1331 1585 1119 1265 1925 1998 1456 1238 1935 1638 1058 1396 1904 1676 1100 1781 1166 1432 1782 1605 1177 1671 1419 1052 1053 1122 1608 1698 1684 1112 1259 1215 1259 1712 1344 1748 1919 1154 1327 1692 1897 1493 1332 1015 1565 1800 1021 1249 1663 1321 1277 1529 1487 1534 1890 1195 1040 1291 1880 1389 1436 1268 1204 1737 1479 1874 1127 1952 1085 1429 1713 1763 BCNSPRNW ULIB Ver.6.0+V

เปลี่ยนเป็นภาษาไทย

Change to English
 แสดงรายละเอียดบรรณานุกรม
  กลับหน้าหลัก

Brief Record : Get Marc (ISO 2709) : E-mail record : QR code < ปิดหน้าต่าง
LEADER : 00000nam 2200000uu 4500
001    13399113566
003     ULIB
008    111128s2552||||th 000 0 tha d
020    ^a9786117059049
090    ^aนว.^bร191ฟ 2552
100 0  ^aร้อยเรียงฝัน
245 00 ^aไฟเสน่หา/^cร้อยเรียงฝัน
250    ^aพิมพ์ครั้งที่ 2
260    ^aกรุงเทพฯ :^bivy,^c2552
300    ^a413 หน้า
710 1  ^aivy
945    ^p270^l0^i16418
995    ^aกัณชพร
999    ^aใช้งานได้ทุกระบบ
รายการนี้ยังไม่มีแท็ก
คุณยังไม่ได้ล็อกอิน คุณสามารถมีกิจกรรมร่วมกับเว็บไซต์ได้ แต่ต้องล็อกอินก่อน ::
  ล็อกอิน

รายการสื่อสารสนเทศ

ลำดับที่ ประเภท เลขเรียก/บาร์โค้ด สถานที่ สถานะ
1. นวนิยาย
นวนิยาย
นว. ร191ฟ 2552  
  Barcode: 16418
ห้องสมุดวิทยาเขตสวรรค์ประชารักษ์
►นวนิยาย
บนชั้น
  ขอยืม

BibComment


ยังไม่เคยถูกคอมเมนท์

คอมเมนท์ทรัพยากรรายการนี้
  คอมเมนท์: ไฟเสน่หา ร้อยเรี..


 Copyright 2026. Bcnsprnw @Library